000 00860nam a22003017a 4500
001 BR2014001508
003 BR-BrBNA
005 20230928104411.0
007 ta
008 230509b bl.||||| |||| 00| 0 por d
040 _aBR-BrBNA
_bpor
_cBiblioteca Nacional de Agricultura
041 _a(Por)
072 _aE80
090 _ E80 BR2014001508
100 1 _aSilva, F.D. da (ed.)
100 1 _aMartins, P.C. (ed.)
100 1 _aFreitas, S.A.M.F. (ed.)
110 1 _aSecretaria Municipal de Abastecimento de Belo Horizonte, MG (Brasil)
_99153
245 1 _aNovas receitas: alternativas alimentares 8
250 1 _a2. ed.
260 3 _aBelo Horizonte, MG (Brasil):
_c1997.
300 _a48 p.
500 _a3 ref.; 10 illus.;16 tables
650 _aCULINÁRIA
650 _aMEDICAMENTO
909 _a202309
_bLucia
_c55
_dLucia Elande
942 _cBK
999 _c79697
_d79697